Ako sa pripraviť na pohovor do zamestnania?

Najdôležitejšie body prípravy na pohovor. Najťažšie otázky na pracovnom pohovore. Ako sa správať počas pohovoru, zovňajšok. Druhy pohovorov.

Salvato in:
Dettagli Bibliografici
Autore principale: Bucsková, Katarína
Natura: Capitolo di libro
Lingua:slovacco
Soggetti:
Tags: Aggiungi Tag
Nessun Tag, puoi essere il primo ad aggiungerne!!

MARC

LEADER 00000naa a2200000 4500
001 0178214
005 20231120134016.6
041 0 |a slo 
044 |a SK 
245 1 0 |a Ako sa pripraviť na pohovor do zamestnania?  |c Katarína Bucsková 
520 |a Najdôležitejšie body prípravy na pohovor. Najťažšie otázky na pracovnom pohovore. Ako sa správať počas pohovoru, zovňajšok. Druhy pohovorov. 
610 2 0 |a prijímanie pracovníkov 
610 2 0 |a pohovor 
100 1 |a Bucsková, Katarína